Priemyselné klastre - nástroj zlepšovania konkurencieschopnosti a aplikácia medzinárodných skúseností v podmienkach Slovenskej republiky diplomová práca

Na minha lista:
Detalhes bibliográficos
Autor principal: Bystriansky, Tomáš
Autor Corporativo: Obchodná fakulta EU. Katedra medzinárodného obchodu
Outros Autores: Knapik, Peter
Formato: Livro
Idioma:eslovaco
Publicado em: Bratislava 2009
Tags: Adicionar Tag
Sem tags, seja o primeiro a adicionar uma tag!

MARC

LEADER 00000nam$a2200000$$$4500
001 0100566
005 20240318133822.6
041 0 |a slo 
044 |a SK 
245 1 0 |a Priemyselné klastre - nástroj zlepšovania konkurencieschopnosti a aplikácia medzinárodných skúseností v podmienkach Slovenskej republiky  |b diplomová práca  |c Tomáš Bystriansky ; škol. Peter Knapik 
264 1 |a Bratislava  |c 2009 
300 |a 93 s. 
100 1 |a Bystriansky, Tomáš 
700 1 |a Knapik, Peter 
710 2 |a Obchodná fakulta EU. Katedra medzinárodného obchodu